It looks like you're offline.
Open Library logo
additional options menu

MARC record from Internet Archive

LEADER: 01437cam a2200373 i 4500
001 11548295
005 20150920222359.0
008 150420s2015 nbu s000 j eng
010 $a 2015013432
020 $a9780803277229$qpaperback$qalkaline paper
020 $a0803277229$qpaperback$qalkaline paper
020 $z7808032847$q60 electronic publication
020 $z7808032847$q77 mobi
020 $z7808032847$q84 electronic book
024 $a40025120536
035 $a(OCoLC)ocn907651271
035 $a(OCoLC)907651271
035 $a(NNC)11548295
040 $aDLC$beng$erda$cDLC$dYDXCP$dBTCTA$dBDX$dCDX$dNhCcYBP
042 $apcc
050 00 $aPS3603.H35595$bA6 2015
082 00 $a813/.6$223
100 1 $aChancellor, Bryn,$eauthor.
240 10 $aShort stories.$kSelections
245 10 $aWhen are you coming home? :$bstories /$cBryn Chancellor.
264 1 $aLincoln ;$aLondon :$bUniversity of Nebraska Press,$c[2015]
300 $ax, 121 pages ;$c22 cm.
336 $atext$btxt$2rdacontent
337 $aunmediated$bn$2rdamedia
338 $avolume$bnc$2rdacarrier
490 1 $aPrairie Schooner Book Pize in fiction
505 0 $aWhen Are You Coming Home? -- Wrestling Night -- Meet Me Here -- Water at Midnight -- Any Sign of Light -- At the Terminal -- All This History at Once -- Fossil Light -- This Is Not an Exit.
830 0 $aPrairie schooner book prize in fiction.
852 00 $bglx$hPS3603.H35595$iA6 2015